[Event "Guimaraes op 3rd"]
[Site "Guimaraes"]
[Date "2019.08.29"]
[Round "3"]
[White "Barrento, Jorge Maria Lopes"]
[Black "Lopez Mulet, Inigo"]
[Result "0-1"]
[WhiteElo "1745"]
[BlackElo "2397"]
[PlyCount "90"]
[EventDate "2019.08.28"]
[EventType "swiss"]
[EventRounds "7"]
[EventCountry "POR"]
[SourceTitle "EXT 2020"]
[Source "ChessBase"]
[SourceDate "2019.10.17"]
[SourceVersion "1"]
[SourceVersionDate "2019.10.17"]
[SourceQuality "1"]

1. d4 Nf6 2. f3 d5 3. e4 dxe4 4. Nc3 exf3 5. Nxf3 Bg4 6. h3 Bh5 7. g4 Bg6 8. Ne5 Nbd7 9. Nxg6 hxg6 10. Bg2 c6 11. Qd3 e6 12. Bg5 Be7 13. 0-0-0 Nb6 14. Rhf1 Nbd5 15. Nxd5 cxd5 16. Qb5+ Qd7 17. Qxd7+ Nxd7 18. Bxe7 Kxe7 19. Rde1 Nb6 20. Re3 g5 21. b3 Rad8 22. a4 Rd6 23. Rf5 f6 24. a5 Kd7 25. Rf2 Nc8 26. Bf1 a6 27. b4 Ne7 28. Bd3 Rc8 29. Kb2 Ke8 30. h4 gxh4 31. Rh3 Kf7 32. Rxh4 Nc6 33. c3 e5 34. Bf5 Rc7 35. dxe5 Nxe5 36. g5 fxg5 37. Bc2+ Rf6 38. Rxf6+ Kxf6 39. Rd4 Ke6 40. Bb3 Rd7 41. Rd1 g4 42. Rg1 Kf5 43. Rf1+ Nf3 44. c4 dxc4 45. Bxc4 Kf4 0-1

[Event "Lisbon Portugal op"]
[Site "Lisbon"]
[Date "2018.02.06"]
[Round "6"]
[White "Barrento, Jorge Maria Lopes"]
[Black "Candeias, Humberto"]
[Result "0-1"]
[WhiteElo "1700"]
[BlackElo "1935"]
[PlyCount "96"]
[EventDate "2018.02.03"]
[EventType "swiss"]
[EventRounds "9"]
[EventCountry "POR"]
[SourceTitle "EXT 2019"]
[Source "ChessBase"]
[SourceDate "2018.10.10"]
[SourceVersion "1"]
[SourceVersionDate "2018.10.10"]
[SourceQuality "1"]

1. Nf3 Nc6 2. d4 d5 3. e3 Bg4 4. Be2 Nf6 5. Nbd2 e6 6. a3 Bd6 7. c4 0-0 8. c5 Be7 9. b4 Ne4 10. Nxe4 dxe4 11. Nd2 Bf5 12. b5 Nb8 13. Qc2 Bf6 14. Bb2 Nd7 15. Nxe4 Be7 16. Bd3 Kh8 17. Ng3 Bxd3 18. Qxd3 Nxc5 19. Qc2 Nd7 20. 0-0 c6 21. bxc6 Rc8 22. Rac1 Rxc6 23. Qd2 Ra6 24. Ra1 Nf6 25. Rfc1 Qb8 26. a4 Rc8 27. Rxc8+ Qxc8 28. Rc1 Rc6 29. Rxc6 Qxc6 30. Qd1 Bb4 31. Ne2 h6 32. Nf4 Bd6 33. Nd3 Ne4 34. Ne5 Bxe5 35. dxe5 Qd5 36. Qc2 Qd2 37. Qxd2 Nxd2 38. a5 a6 39. Bd4 Kg8 40. f3 Kf8 41. Kf2 Ke8 42. h4 Nc4 43. Bc3 h5 44. Ke2 Kd7 45. Kd3 b5 46. axb6 Nxb6 47. e4 Kc6 48. f4 g6 0-1

[Event "Coimbra Queima das Fitas op"]
[Site "Coimbra"]
[Date "2015.05.01"]
[Round "2"]
[White "Barrento, Jorge Maria Lopes"]
[Black "Pereira, Octavio Sergio Alfe"]
[Result "1/2-1/2"]
[WhiteElo "1689"]
[BlackElo "1943"]
[PlyCount "143"]
[EventDate "2015.04.30"]
[EventType "swiss"]
[EventRounds "7"]
[EventCountry "POR"]
[SourceTitle "EXT 2018"]
[Source "ChessBase"]
[SourceDate "2017.10.13"]
[SourceVersion "1"]
[SourceVersionDate "2017.10.13"]
[SourceQuality "1"]

1. Nf3 Nf6 2. b3 e6 3. e3 Be7 4. Bb2 0-0 5. c4 c5 6. Be2 Nc6 7. 0-0 d5 8. d4 h6 9. Nc3 a6 10. a3 dxc4 11. Bxc4 cxd4 12. Nxd4 Nxd4 13. Qxd4 Qxd4 14. exd4 b5 15. Bd3 Bb7 16. Rfe1 Rac8 17. b4 Rfd8 18. Ne4 Nxe4 19. Bxe4 Bxe4 20. Rxe4 Rc2 21. Rb1 Bf6 22. Kf1 Kf8 23. Re2 Rdc8 24. Ke1 Ke7 25. Rd1 Rxe2+ 26. Kxe2 Kd6 27. Bc1 Rc2+ 28. Ke1 Kd5 29. Be3 Rc4 30. Ke2 Bxd4 31. Bxd4 Rxd4 32. Rc1 Rc4 33. Rd1+ Ke5 34. Rd7 Rc2+ 35. Ke1 Ra2 36. Rxf7 g6 37. h4 h5 38. g3 Rxa3 39. f4+ Ke4 40. Rf6 Rxg3 41. Rxe6+ Kxf4 42. Rxa6 Kf5 43. Ra5 Re3+ 44. Kf2 Re5 45. Kf3 Rd5 46. Ke3 g5 47. hxg5 Kxg5 48. Ra8 Rf5 49. Rg8+ Kf6 50. Rf8+ Ke6 51. Re8+ Kd7 52. Rh8 Rg5 53. Rh6 Rg4 54. Rxh5 Rxb4 55. Rh6 Kc7 56. Kd3 Rc4 57. Rg6 Rc6 58. Rxc6+ Kxc6 59. Kc3 Kc5 60. Kb3 b4 61. Kb2 Kc4 62. Kc2 b3+ 63. Kb2 Kb4 64. Kb1 Kc3 65. Kc1 Kc4 66. Kb2 Kb4 67. Kb1 Kc3 68. Kc1 Kb4 69. Kb2 Kc4 70. Kb1 Kc3 71. Kc1 b2+ 72. Kb1 1/2-1/2

[Event "Leiria op"]
[Site "Leiria"]
[Date "2006.07.15"]
[Round "?"]
[White "Barrento, Jorge Maria Lopes"]
[Black "Silva, Daniel"]
[Result "1/2-1/2"]
[WhiteElo "1853"]
[BlackElo "1852"]
[PlyCount "37"]
[EventDate "2006.07.14"]
[EventType "swiss"]
[EventRounds "5"]
[EventCountry "POR"]
[SourceTitle "EXT 2008"]
[Source "ChessBase"]
[SourceDate "2007.11.25"]
[SourceVersion "1"]
[SourceVersionDate "2007.11.25"]
[SourceQuality "1"]

1. d4 Nf6 2. Nf3 e6 3. e3 c5 4. c3 Nc6 5. Bd3 d5 6. 0-0 Bd6 7. Nbd2 0-0 8. Re1 b6 9. a3 Bb7 10. Qe2 e5 11. dxe5 Nxe5 12. Nxe5 Bxe5 13. Nf3 Bc7 14. Ba6 Rb8 15. Bxb7 Rxb7 16. b3 Bb8 17. Bb2 Rd7 18. Rad1 Re8 19. Qc2 1/2-1/2